00874 a2200193 4500003000500000005001700005010001600022020002800038035002100066040000900087082001800096100001700114245007000131260004000201300002900241505028600270650003500556856008900591Nust20220812120818.0 a 99040461 a0849302498 (alk. paper) a(DLC) 99040461 cNust00a621.38132,NEL1 aNelson, Greg10aHigh frequency and microwave circuit design /cCharles G. Nelson. aBoca Raton, FL :bCRC Press,c1999. a165 p. :bill. ;c24 cm. aFrom Lumped to Distributed Parameters (Page-1), Impedance Matching Techniques (Page-37), Selective Circuits, Oscillators, and Receivers (Page-61), Modulation and Demodulation Circuitry (Page-81), Noise and Amplifier Noise Figure (Page-109), Antennas and Antenna Systems (Page-135) 0aTelecommunication Engineering.423Publisher descriptionuhttp://www.loc.gov/catdir/enhancements/fy0744/99040461-d.html